| 000 | 00933nam a2200301 i 4500 | ||
|---|---|---|---|
| 001 | 5929 | ||
| 003 | KOSZ 005 | ||
| 005 | 20200504125539.0 | ||
| 008 | 000313s1978 pl a |000 0 pol | ||
| 015 | _aPB 1979/735 | ||
| 035 | _a(OCoLC)830230733 | ||
| 040 |
_aWA N _cKOSZ 005/HR _dKOSZ 005/HR |
||
| 041 | 0 | _apol | |
| 046 | _k1979 | ||
| 080 | _a007 | ||
| 080 | _a621.391 | ||
| 100 | 1 |
_aSobczak, Wojciech. _eAutor |
|
| 245 | 1 | 0 |
_aMetody selekcji informacji / _cWojciech Sobczak, Witold Malina. |
| 260 |
_aWarszawa : _bWydaw-a Naukowo-Techniczne, _c1978. |
||
| 300 |
_a157, [3] s. : _bil., 3 tab., wykr. ; _c21 cm. |
||
| 380 | _aKsiążki. | ||
| 388 | _a1901- | ||
| 504 | _aBibliogr. przy rozdz. | ||
| 650 | 4 | _aTeoria informacji | |
| 700 | 1 |
_aMalina, Witold _d(1937- ) _eAutor |
|
| 856 |
_uhttp://koha.tu.koszalin.pl/cgi-bin/koha/opac-detail.pl?biblionumber=5929 _yKatalog online BPK |
||
| 942 |
_2UKD _cKS |
||
| 999 |
_c5929 _d5929 |
||